00430nam a2200157Ia 45000010006000000050017000060080041000230410008000640820016000721000027000882450102001152600009002173000030002266500008002566540008002641061020260306161845.0260306t1996||||xx |||||||||||||| ||spa|| aESP a944.04bV28 aVan Kley, Dale K.eAUT 4aThe religious origins of the french revolution:bfrom Calvin to the Civil Constitution, 1560-1791 c1996 aix, 390 páginasc23 cm. aGEN aCHU